00886nmm a2200289 a 4500003000900000005001700009008004100026040001300067100003000080245010200110260003000212300002500242500004500267600002400312600002300336600003400359600003100393650002600424650002200450650002300472650001300495650001700508650001100525650002800536650001300564650001900577AR-BaBNM20251128202808.0117019s1946 ||||||||||||||000 | spa|| cAR-BaBNM1 aVedia y Mitre, Mariano de10aHistoria general de las ideas políticasbcon una introducción sobre la Teoría del Estado. 4 aBuenos AiresbKraftc19460 a427 p.bil., láms.0 aIndice de nombres y materias p. 397-426.14aOccam, Guillermo de14aPadua, Marsilio de04aTomás de Aquinod1225?-127404aDante Alighierid1265-1321 4aHISTORIA DE LAS IDEAS 4aHISTORIA POLITICA 4aCIENCIAS POLITICAS 4aDERECHOS 4aCRISTIANISMO 4aESTADO 4aDERECHOS DE LOS ESTADOS 4aGOBIERNO 4aPODER POLITICO